| 000 | 01418nam a22003977a 4500 | ||
|---|---|---|---|
| 003 | CHAP | ||
| 005 | 20220329134453.0 | ||
| 008 | 971013s1987 r 00010 d | ||
| 010 | _a20846 | ||
| 011 | _a21818 | ||
| 035 | _a25909 | ||
| 040 | _cCHAP | ||
| 090 | _aTesis | ||
| 100 | 0 | 0 |
_aArredondo Moreno, José Tulio. _97409 |
| 245 | _aEfecto del fotoperíodo, la temperatura y la salinidad en la fneología del zacate salado Distichlis spicata (L) Greene var. mexicana beetle | ||
| 260 |
_aChapingo, Méx., : _bEl autor, _c1987 |
||
| 300 |
_a107 h. _b; gráfs |
||
| 500 | _ac.4 bodega | ||
| 502 | _aTesis (M.C. Esp. en Botánica) -- CP. Centro de Botánica | ||
| 590 |
_aALEPH _b10 _c20130110 _lUCH01 _h1244 |
||
| 590 |
_aBATCH-UPD _b10 _c20130109 _lUCH01 _h2355 |
||
| 590 |
_aBATCH-UPD _b10 _c20130110 _lUCH01 _h1103 |
||
| 590 |
_aBATCH-UPD _b10 _c20130410 _lUCH01 _h0656 |
||
| 590 |
_aBATCH-UPD _b10 _c20130914 _lUCH01 _h0438 |
||
| 590 |
_aCONVERSION _b10 _c20130109 _lUCH01 _h1312 |
||
| 650 | 1 | 4 |
_aDistichlis spicata. _932745 |
| 650 | 1 | 4 |
_aFotoperíodo. _942735 |
| 650 | 1 | 4 |
_aLuz _xEfecto en plantas. _969241 |
| 650 | 1 | 4 |
_aPlantas _xEfecto de la sal. _988817 |
| 650 | 1 | 4 |
_aTemperatura _xEfecto en pastos. _9112217 |
| 901 | _aBK | ||
| 942 | _cFOLL | ||
| 949 |
_bBC _cTES _d-59916 _eTS1 _h19996 _i25909 _si |
||
| 949 |
_bBC _cTES _d-59917 _eTS2 _fc.2 _h19996 _i25909 _si |
||
| 949 |
_bBC _cTES _d-59918 _eTS2 _fc.3 _h26520 _i25909 _si |
||
| 999 |
_c20846 _d20846 |
||